Statistics for Detroit Pistons Championship Teams

Click here to take the quiz!

General Stats

  • This quiz has been taken 47 times
    (9 since last reset)
  • The average score is 25 of 36

Answer Stats

Season(s)No.PosPlayer% Correct
20043CBen Wallace
100%
20048SFDarvin Ham
100%
199010SFDennis Rodman
100%
198910SFDennis Rodman
100%
199011PGIsiah Thomas
100%
198911PGIsiah Thomas
100%
19904SGJoe Dumars
100%
19894SGJoe Dumars
100%
200430PFRasheed Wallace
100%
200432SGRichard Hamilton
100%
200422SFTayshaun Prince
100%
198940CBill Laimbeer
88%
199040CBill Laimbeer
88%
20041PGChauncey Billups
88%
198923SFMark Aguirre
88%
199023SFMark Aguirre
88%
198944PFRick Mahorn
88%
199022PFJohn Salley
75%
198922PFJohn Salley
75%
198924PGMicheal Williams
75%
199053CJames Edwards
63%
198953CJames Edwards
63%
199015SGVinnie Johnson
63%
198915SGVinnie Johnson
63%
200434SFCorliss Williamson
50%
200410PGLindsey Hunter
50%
200431PFDarko Miličić
38%
200441CElden Campbell
38%
200413CMehmet Okur
38%
199033PFDave Greenwood
25%
198934SFFennis Dembo
25%
199012PGGerald Henderson
25%
198925SGJohn Long
25%
20047PGMike James
25%
199035PFScott Hastings
25%
199020CWilliam Bedford
25%

Score Distribution

Percentile by Number Answered

Percent of People with Each Score

Your Score History

You have not taken this quiz since the last reset